| 000 | 00406 a2200157 4500 | ||
|---|---|---|---|
| 999 |
_c29197 _d29197 |
||
| 003 | NUST | ||
| 005 | 20180118152633.0 | ||
| 008 | 180118b xxu||||| |||| 00| 0 eng d | ||
| 020 | _a0534944469 | ||
| 020 | _a9780534944469 | ||
| 082 | 0 | 4 | _a511 |
| 100 | 1 |
_aEpp, Susanna S. _98851 |
|
| 245 | 1 | 0 |
_aDiscrete mathematics with applications / _cSusanna S. Epp. |
| 250 | _a2nd ed. | ||
| 260 |
_a[S.l.] : _bBrooks/Cole Pub Co, _c1995. |
||
| 300 |
_a828 p. ; _c26 cm. |
||
| 942 |
_aSNS _cBK _k511 EPP _2ddc |
||